[Event "Druzynowe Mistrzostwa Polski - II Liga 2023"]
[Site "Jastrzebia Gora"]
[Date "1899-12-30"]
[Round "2.118"]
[White "Wozniak, Marcin"]
[Black "Sasin, Michal"]
[Result "1/2-1/2"]
[WhiteTitle "I++"]
[BlackTitle "I"]
[WhiteElo "1817"]
[BlackElo "1804"]

1. e4 c5 2. Nc3 g6 3. g3 Bg7 4. Bg2 Nc6 5. d3 e6 6. Be3 d6 7. f4 Nge7 8. Nf3 O-O
9. O-O Rb8 10. Qd2 b5 11. d4 cxd4 12. Nxd4 b4 13. Nce2 Qc7 14. Rad1 Rd8 15. f5
exf5 16. exf5 Bxf5 17. Bg5 Re8 18. Kh1 Qd7 19. Qf4 f6 20. Nxf5 Nxf5 21. Qc4+ Kh8
22. Bxc6 Qc7 23. Bf4 Rbc8 24. Rf2 Qxc6+ 25. Qxc6 Rxc6 26. Nd4 Nxd4 27. Rxd4 a5
28. Rd5 f5 29. b3 Rec8 30. Rxa5 Bf8 31. Rb5 Rxc2 32. Rxc2 Rxc2 33. Rxb4 Rxa2 34.
Rd4 Rb2 1/2-1/2

[Event "Druzynowe Mistrzostwa Polski - II Liga 2023"]
[Site "Jastrzebia Gora"]
[Date "1899-12-30"]
[Round "2.119"]
[White "Duszczak, Filip"]
[Black "Wozny, Tomasz"]
[Result "0-1"]
[WhiteTitle "II"]
[BlackTitle "I"]
[WhiteElo "1450"]
[BlackElo "1757"]

1. e4 c5 2. Nf3 Nc6 3. d4 cxd4 4. Nxd4 e6 5. Nc3 a6 6. g3 Qc7 7. Nb3 Nf6 8. Bg2
Be7 9. O-O O-O 10. a4 b6 11. Bf4 d6 12. Re1 Ne8 13. Be3 Bb7 14. f4 Rd8 15. Qd2
Nf6 16. Bf3 Nd7 17. Rad1 Nc5 18. Nd4 Nxd4 19. Bxd4 Qc6 20. b3 Rc8 21. Bg2 Rfd8
22. Qf2 b5 23. axb5 axb5 24. Qe2 b4 25. Na2 Na6 26. c3 bxc3 27. Bxc3 Nc7 28. Rc1
Qb6+ 29. Kh1 Nb5 30. Ba1 Rxc1 31. Nxc1 Rc8 32. Qd2 Bf8 33. h4 h6 34. Qd3 Qa5 35.
Rf1 Qxa1 36. Kh2 Rxc1 37. Rxc1 Qxc1 38. Qxb5 Qc6 39. Qa5 Be7 40. f5 Qa6 41. Qc7
Bf6 42. fxe6 fxe6 43. Qb8+ Kf7 44. Qc7+ Be7 45. Qc2 Qb5 46. Qf2+ Kg8 47. Qc2 Qc5
48. Qa2 Bc6 49. Qa6 Kf7 50. Qf1+ Bf6 51. Qf3 Qe5 52. Qd3 Bxh4 53. Qf1+ Bf6 54.
Qd3 Qc3 55. Qa6 Be5 56. Qf1+ Ke7 57. Qd1 Qxg3+ 58. Kg1 Bxe4 0-1

[Event "Druzynowe Mistrzostwa Polski - II Liga 2023"]
[Site "Jastrzebia Gora"]
[Date "1899-12-30"]
[Round "2.120"]
[White "Trybowska, Barbara"]
[Black "Barwinska, Ewa"]
[Result "1-0"]
[WhiteTitle "I++"]
[BlackTitle "WCM"]
[WhiteElo "1836"]
[BlackElo "2030"]

1. e4 c5 2. c3 Nf6 3. e5 Nd5 4. d4 cxd4 5. cxd4 Nc6 6. Bc4 Nb6 7. Bb3 d6 8. e6
fxe6 9. Nf3 d5 10. Bf4 g6 11. h4 Bg7 12. h5 Nxd4 13. Nxd4 e5 14. hxg6 h6 15. Bxe5
Bxe5 16. Qh5 Bg7 17. Nc3 e6 18. Qf3 Qf6 19. Qxf6 Bxf6 20. Ndb5 Ke7 21. O-O-O a6
22. Nd4 e5 23. Rhe1 Bg5+ 24. Kb1 Kf6 25. Nf3 Bf5+ 26. Bc2 Bxc2+ 27. Kxc2 e4 28.
Nxg5 hxg5 29. Nxd5+ Nxd5 30. Rxd5 Rac8+ 31. Kb3 Rhe8 32. Rd4 Kf5 33. g7 Re7 34.
Re3 Rg8 35. f3 Rgxg7 36. Rdxe4 Rxe4 37. Rxe4 Rd7 38. g4+ Kf6 39. Kc3 Rd1 40. a3
Rc1+ 41. Kb4 Rd1 42. Re3 Rd2 43. b3 b6 44. Kc4 Rd1 45. a4 Rd2 46. Rd3 Rc2+ 47.
Kd5 b5 48. Re3 b4 49. Re6+ Kf7 50. Rxa6 Rc3 51. Rb6 Rxb3 52. Kc4 Rxf3 53. Rxb4
Ke6 54. Kb5 Kd6 55. a5 Kc7 56. Rc4+ Kb7 57. Rc5 Rb3+ 58. Kc4 Rg3 59. Rxg5 Ka6
60. Kd4 Rg1 61. Ke3 Ra1 62. Rf5 Rg1 63. g5 Rg4 64. Kf3 Rg1 65. Kf4 Rg2 66. Re5
Rg1 67. Ke4 1-0

[Event "Druzynowe Mistrzostwa Polski - II Liga 2023"]
[Site "Jastrzebia Gora"]
[Date "1899-12-30"]
[Round "2.121"]
[White "Bielinski, Dariusz"]
[Black "Banasik, Krzysztof"]
[Result "1/2-1/2"]
[WhiteTitle "k+"]
[BlackTitle "k+"]
[WhiteElo "2129"]
[BlackElo "2211"]

1. d4 Nf6 2. Nf3 g6 3. Nbd2 d5 4. e3 Bg7 5. b4 O-O 6. c4 b6 7. Bb2 a5 8. b5 c6
9. bxc6 Nxc6 10. Be2 Bf5 11. O-O a4 12. a3 Ne4 13. cxd5 Qxd5 14. Nc4 Rfb8 15.
Rc1 b5 16. Nce5 1/2-1/2

[Event "Druzynowe Mistrzostwa Polski - II Liga 2023"]
[Site "Jastrzebia Gora"]
[Date "1899-12-30"]
[Round "2.122"]
[White "Ciszewski, Krzysztof"]
[Black "Kielbratowski, Aleksander"]
[Result "1-0"]
[WhiteTitle "k"]
[BlackTitle "I+"]
[WhiteElo "2055"]
[BlackElo "1969"]

1. d4 Nf6 2. c4 c5 3. d5 b5 4. cxb5 a6 5. bxa6 g6 6. Nc3 Bg7 7. e4 O-O 8. Nf3 Qa5
9. Bd2 Bxa6 10. Be2 d6 11. O-O Nbd7 12. Bxa6 Qxa6 13. Qc2 Rfb8 14. a4 Qc4 15.
Rfb1 Ng4 16. b3 Qa6 17. h3 Nge5 18. Nxe5 Bxe5 19. Ra2 Rb4 20. Nd1 Rb7 21. Ne3
Qe2 22. Qc4 Qh5 23. a5 Bd4 24. b4 Ne5 25. Qf1 cxb4 26. Rxb4 Rxb4 27. Bxb4 Qg5
28. Qe2 Rb8 29. Bd2 Rb1+ 30. Nf1 Qh4 31. a6 Ba7 32. Be3 Qxe4 33. Bxa7 Rxf1+ 34.
Qxf1 Qxd5 35. Ra1 1-0

[Event "Druzynowe Mistrzostwa Polski - II Liga 2023"]
[Site "Jastrzebia Gora"]
[Date "1899-12-30"]
[Round "2.123"]
[White "Kielek, Andrzej"]
[Black "Budzisz, Adrian"]
[Result "0-1"]
[WhiteTitle "I++"]
[BlackTitle "k"]
[WhiteElo "1897"]
[BlackElo "2084"]

1. b4 a5 2. b5 e5 3. Bb2 d6 4. g3 f5 5. Bg2 Nf6 6. c4 Be7 7. Qc2 O-O 8. Nf3 Qe8
9. d3 Qh5 10. Nbd2 Nbd7 11. a4 Rb8 12. h4 Ng4 13. Ng5 Bxg5 14. hxg5 Qxg5 15. Bd5+
Kh8 16. f4 Ne3 17. fxg5 Nxc2+ 18. Kd1 Nxa1 19. Bxa1 g6 20. c5 Nxc5 21. Nc4 Be6
22. Bxe6 Nxe6 23. b6 cxb6 24. Nxd6 Nxg5 25. Bxe5+ Kg8 26. Nc4 Rbc8 27. Nxb6 Rc6
28. Nc4 Re8 29. Bc3 Ne4 30. Be1 b6 31. Rh2 Nc5 32. Nb2 Rec8 33. Bf2 Nb3 34. Nc4
Rxc4 35. dxc4 Rxc4 36. Be3 Nc5 37. Bxc5 bxc5 38. Rh4 Rxh4 39. gxh4 Kf7 0-1

[Event "Druzynowe Mistrzostwa Polski - II Liga 2023"]
[Site "Jastrzebia Gora"]
[Date "1899-12-30"]
[Round "2.124"]
[White "Szczesniak, Konrad"]
[Black "Kielbratowski, Maciej"]
[Result "1-0"]
[WhiteTitle "k"]
[BlackTitle "II+"]
[WhiteElo "2011"]
[BlackElo "1687"]

1. Nf3 Nf6 2. c4 g6 3. Nc3 Bg7 4. e4 d6 5. d4 O-O 6. Be2 e5 7. d5 a5 8. Be3 Na6
9. Nd2 Nd7 10. f3 f5 11. O-O f4 12. Bf2 g5 13. a3 h5 14. b4 Nf6 15. c5 Bd7 16.
Bxa6 bxa6 17. c6 Bc8 18. bxa5 Qe8 19. Rb1 Qg6 20. Kh1 g4 21. Nc4 Bh6 22. Nb6 g3
23. Nxa8 h4 24. Nxc7 h3 25. Ne6 Bxe6 26. dxe6 hxg2+ 27. Kxg2 gxh2+ 28. Kh1 Nh5
29. e7 Re8 30. Nd5 Ng3+ 31. Bxg3 fxg3 32. Qe2 1-0

[Event "Druzynowe Mistrzostwa Polski - II Liga 2023"]
[Site "Jastrzebia Gora"]
[Date "1899-12-30"]
[Round "2.125"]
[White "Kolodziejski, Grzegorz"]
[Black "Kocierz, Pawel"]
[Result "0-1"]
[WhiteTitle "II"]
[BlackTitle "I"]
[WhiteElo "1552"]
[BlackElo "1763"]

1. e4 c5 2. Nf3 g6 3. d4 cxd4 4. Nxd4 Bg7 5. c4 Nc6 6. Nc2 Nf6 7. Nc3 O-O 8. Be2
d6 9. O-O Be6 10. Bd2 Rc8 11. Rc1 Nd7 12. f4 f5 13. Kh1 Nc5 14. exf5 Bxf5 15.
Ne3 Bd3 16. Be1 Bxe2 17. Nxe2 Bxb2 18. f5 Bxc1 19. Nxc1 e6 20. fxg6 Rxf1+ 21.
Nxf1 hxg6 22. Qg4 Qf6 23. Ne3 Rf8 24. h4 Ne5 25. Qd4 Qf4 26. Ne2 Qxd4 27. Nxd4
Rf4 28. Nb5 Re4 29. Bf2 Ncd3 30. Kg1 Nxf2 31. Kxf2 Nxc4 32. Nf1 a6 33. Nc7 Kf7
34. g3 Re5 0-1

[Event "Druzynowe Mistrzostwa Polski - II Liga 2023"]
[Site "Jastrzebia Gora"]
[Date "1899-12-30"]
[Round "2.126"]
[White "Pietrzak, Emilia"]
[Black "Dziopa, Malgorzata"]
[Result "1-0"]
[WhiteTitle "I++"]
[BlackTitle "I++"]
[WhiteElo "1671"]
[BlackElo "1727"]

1. e4 e5 2. Nf3 Nf6 3. Nxe5 d6 4. Nf3 Nxe4 5. Nc3 Nxc3 6. dxc3 Be7 7. Be3 O-O 8.
Qd2 Nc6 9. O-O-O Bf5 10. h4 Bg4 11. h5 Ne5 12. Be2 Be6 13. Kb1 Nc4 14. Bxc4 Bxc4
15. h6 Bf6 16. hxg7 Bxg7 17. Rh4 Be6 18. Qd3 f5 19. Rdh1 Bf6 20. Rxh7 Rf7 21.
R7h5 Bg7 22. Bd4 Kf8 1-0

[Event "Druzynowe Mistrzostwa Polski - II Liga 2023"]
[Site "Jastrzebia Gora"]
[Date "1899-12-30"]
[Round "2.127"]
[White "Mrozowski, Patryk"]
[Black "Darowicki, Mariusz"]
[Result "1-0"]
[WhiteTitle "I++"]
[BlackTitle "I++"]
[WhiteElo "2118"]
[BlackElo "1906"]

1. d4 d5 2. Nc3 Nf6 3. Bf4 e6 4. e3 Bd6 5. Nf3 Bxf4 6. exf4 b6 7. Ne5 O-O 8. Be2
c5 9. O-O Bb7 10. Bf3 Nc6 11. Ne2 Qc7 12. c3 cxd4 13. Nxc6 Bxc6 14. Nxd4 Rac8
15. Qd2 Bb7 16. Rfe1 Rfd8 17. Be2 Ne4 18. Qe3 Nc5 19. Bd1 Re8 20. Bc2 g6 21. Nf3
Nd7 22. Rad1 b5 23. Nd4 Qb6 24. Qg3 Kh8 25. h4 b4 26. Ba4 Rcd8 27. f5 Bc8 28.
Nc6 Nc5 29. Nxd8 Rxd8 30. Bc2 exf5 31. Qe5+ Kg8 32. Rxd5 Rxd5 33. Qxd5 Be6 34.
Qd4 bxc3 35. Qxc3 a5 36. Re5 Nb7 37. Bb3 Bxb3 38. Re8# 1-0

[Event "Druzynowe Mistrzostwa Polski - II Liga 2023"]
[Site "Jastrzebia Gora"]
[Date "1899-12-30"]
[Round "2.128"]
[White "Wisniewski, Adam"]
[Black "Papka, Sebastian"]
[Result "0-1"]
[WhiteTitle "I+"]
[BlackTitle "k"]
[WhiteElo "1929"]
[BlackElo "2107"]

1. e4 g6 2. d4 Bg7 3. Nf3 d6 4. h3 Nf6 5. Bd3 Nc6 6. O-O e5 7. c3 O-O 8. Re1 h6
9. Nbd2 Re8 10. Nf1 Nh5 11. dxe5 dxe5 12. Qc2 a6 13. a4 Be6 14. Be3 Qf6 15. N1h2
Nf4 16. Bf1 Red8 17. b4 Bf8 18. Red1 Rxd1 19. Rxd1 Bd6 20. g3 Nxh3+ 21. Bxh3 Bxh3
22. Bxh6 Bd7 23. b5 axb5 24. axb5 Nb8 25. c4 b6 26. Be3 Qe7 27. Qc3 Ra3 28. Qb2
f6 29. Nh4 Kg7 30. N4f3 Be6 31. c5 Bxc5 32. Bxc5 Qxc5 33. Rc1 Ra2 34. Rxc5 Rxb2
35. Rxc7+ Nd7 36. Kg2 Rxb5 37. Nd2 Rb2 38. Nc4 Rc2 0-1

[Event "Druzynowe Mistrzostwa Polski - II Liga 2023"]
[Site "Jastrzebia Gora"]
[Date "1899-12-30"]
[Round "2.129"]
[White "Drozdowski, Konrad"]
[Black "Szmidt, Przemyslaw"]
[Result "1-0"]
[WhiteTitle "k"]
[BlackTitle "I++"]
[WhiteElo "2104"]
[BlackElo "1824"]

1. Nf3 Nf6 2. g3 g6 3. b3 Bg7 4. Bb2 O-O 5. Bg2 d6 6. d4 Nbd7 7. O-O e5 8. dxe5
Ng4 9. Qd2 Ngxe5 10. Nxe5 Nxe5 11. c4 Rb8 12. Nc3 Be6 13. Rfd1 Re8 14. Nd5 Bxd5
15. Bxd5 Qe7 16. h3 Nd7 17. Bxg7 Kxg7 18. e3 Qf6 19. Qa5 c6 20. Bg2 Nc5 21. Rab1
a6 22. Rd4 Qe5 23. Qd2 Rbd8 24. Rd1 Ne6 25. Rxd6 Rxd6 26. Qxd6 Qb2 27. Qd2 Qf6
28. Qb4 Qe7 29. Qxe7 Rxe7 30. b4 Kf8 31. f4 Ke8 32. Kf2 c5 33. a3 cxb4 34. axb4
Rc7 35. Bd5 Ke7 36. e4 Nd8 37. Ke3 Nc6 38. Rb1 b6 39. b5 axb5 40. Rxb5 Na5 41.
Kd3 1-0

[Event "Druzynowe Mistrzostwa Polski - II Liga 2023"]
[Site "Jastrzebia Gora"]
[Date "1899-12-30"]
[Round "2.130"]
[White "Wisniewski, Szymon"]
[Black "Zielinski, Olgierd"]
[Result "1/2-1/2"]
[WhiteTitle "I+"]
[BlackTitle "I+"]
[WhiteElo "1754"]
[BlackElo "1822"]

1. e4 c5 2. Nc3 Nc6 3. f4 g6 4. Nf3 Bg7 5. Bc4 e6 6. a3 Nge7 7. Ba2 Nd4 8. O-O
Nec6 9. Ne2 O-O 10. Nexd4 Nxd4 11. c3 Nxf3+ 12. Qxf3 d6 13. d3 Bd7 14. Be3 Rc8
15. g4 f5 16. exf5 gxf5 17. Qxb7 fxg4 18. f5 d5 19. Qxa7 c4 20. dxc4 dxc4 21.
Rad1 Rc7 22. Bb6 Rxa7 23. Bxd8 exf5 24. Bxc4+ Kh8 25. Bb6 Rb7 26. Bd4 Bc6 27.
Bxg7+ Kxg7 28. b3 Be4 29. Rd2 Kf6 30. a4 Ke5 31. a5 h5 32. a6 Rc7 33. Rd4 Rfc8
34. Re1 h4 35. Kf2 g3+ 36. hxg3 hxg3+ 37. Kxg3 Rg7+ 38. Kf2 Rg2+ 39. Kf1 Rc2 40.
Re2 Rxc3 41. Rd7 Rc1+ 42. Re1 Rc3 43. Bd3 Rxb3 44. Bxe4 fxe4 45. Re7+ Kd6 46.
R7xe4 1/2-1/2

[Event "Druzynowe Mistrzostwa Polski - II Liga 2023"]
[Site "Jastrzebia Gora"]
[Date "1899-12-30"]
[Round "2.131"]
[White "Gorniewicz, Oskar"]
[Black "Mioduszewski, Szymon"]
[Result "1-0"]
[WhiteTitle "I"]
[BlackTitle "II"]
[WhiteElo "1889"]
[BlackElo "1534"]

1. e4 e5 2. Nc3 Nf6 3. Bc4 Bc5 4. d3 h6 5. Be3 Bxe3 6. fxe3 O-O 7. Qf3 c6 8. Bb3
d6 9. h3 Be6 10. O-O-O Bxb3 11. axb3 a5 12. g4 b5 13. h4 Nh7 14. g5 hxg5 15. hxg5
Qxg5 16. Nge2 g6 17. Qh3 Qh5 18. Qxh5 gxh5 19. Rdg1+ Kh8 20. Rxh5 Nd7 21. Rh6
Ndf6 22. Rgh1 Kg7 23. Ng3 Rg8 24. Nf5+ Kf8 25. Rxh7 Nxh7 26. Rxh7 Rd8 27. Rh6
Rg6 28. Rh8+ Rg8 29. Rxg8+ Kxg8 30. Ne7+ 1-0

[Event "Druzynowe Mistrzostwa Polski - II Liga 2023"]
[Site "Jastrzebia Gora"]
[Date "1899-12-30"]
[Round "2.132"]
[White "Lukasiewicz, Anna"]
[Black "Mackiewicz, Anna"]
[Result "1/2-1/2"]
[WhiteTitle "m"]
[BlackTitle "k+"]
[WhiteElo "1805"]
[BlackElo "1844"]

1. Nf3 Nf6 2. g3 g6 3. Bg2 Bg7 4. O-O O-O 5. c4 c5 6. Nc3 Nc6 7. d3 d6 8. a3 a6
9. Rb1 Rb8 10. b4 cxb4 11. axb4 b5 12. cxb5 axb5 13. Qc2 Bd7 14. Be3 Ng4 15. Bd2
Nge5 16. Nxe5 Bxe5 17. Bh6 Nd4 18. Qd2 Re8 19. Be3 Bc6 20. Ne4 Qd7 21. Rfc1 Rec8
22. Bxd4 Bxd4 23. Qh6 Bxe4 24. Bxe4 Qa7 25. e3 Bg7 1/2-1/2

[Event "Druzynowe Mistrzostwa Polski - II Liga 2023"]
[Site "Jastrzebia Gora"]
[Date "1899-12-30"]
[Round "3.1"]
[White "Sopur, Lech"]
[Black "Grela, Kacper"]
[Result "1/2-1/2"]
[WhiteTitle "m"]
[BlackTitle "FM"]
[WhiteElo "2415"]
[BlackElo "2355"]

1. c4 Nf6 2. Nc3 e6 3. e4 d6 4. d4 Nbd7 5. Nf3 c5 6. d5 Be7 7. g3 O-O 8. Bg2 a6
9. O-O Rb8 10. dxe6 fxe6 11. Bh3 Ne5 12. Nxe5 dxe5 13. Qe2 Bd6 14. Be3 Qe7 15.
Rad1 Bd7 16. a4 Bc6 17. f3 Rbd8 18. Qc2 Bc7 19. Ra1 b6 20. a5 bxa5 21. Na4 Nd7
22. b3 Bxa4 23. bxa4 Nb8 24. Qf2 Bb6 25. Qb2 Bc7 26. Qf2 Bb6 27. Rab1 Ba7 28.
Qb2 Rd3 29. Qb7 Rd7 30. Qb2 Nc6 31. f4 exf4 32. Bxf4 Nd4 33. Kh1 h6 34. Qc3 Nc6
35. Rb2 g5 36. Be5 Rxf1+ 37. Bxf1 Rd1 38. Rf2 Bb8 39. Bf6 Qe8 40. Qf3 Rd7 41.
Bh3 Ne5 42. Qb3 Rf7 43. Qd1 Rd7 44. Qf1 Rf7 45. Qd1 Rd7 46. Qb3 Rf7 47. Qd1 Rd7
1/2-1/2

[Event "Druzynowe Mistrzostwa Polski - II Liga 2023"]
[Site "Jastrzebia Gora"]
[Date "1899-12-30"]
[Round "3.2"]
[White "Kolodziejski, Piotr"]
[Black "Goszczynski, Andrzej"]
[Result "1-0"]
[WhiteTitle "k"]
[BlackTitle "I+"]
[WhiteElo "2276"]
[BlackElo "2076"]

1. e4 c5 2. Nf3 e6 3. d4 cxd4 4. Nxd4 a6 5. Bd3 Ne7 6. O-O Nbc6 7. Be3 g6 8. c3
Bg7 9. Nd2 d6 10. Qe2 Qc7 11. f4 d5 12. e5 Bd7 13. a4 Rc8 14. g3 h5 15. N4f3 Bf8
16. b4 Nf5 17. Bxf5 gxf5 18. Nb3 a5 19. b5 Nd8 20. Rfc1 b6 21. Qf2 Rb8 22. Nfd2
h4 23. c4 hxg3 24. Qxg3 d4 25. Bxd4 Rh6 26. Kf1 Qb7 27. Ke2 Bb4 28. Rg1 Rc8 29.
Rac1 Nc6 30. bxc6 Bxc6 31. c5 Kd7 32. cxb6 Rch8 33. Qd3 Rxh2+ 34. Bf2+ Ke7 35.
Nd4 Rxf2+ 36. Kxf2 Rh2+ 37. Kg3 Rxd2 38. Nxc6+ Ke8 39. Qf3 Bf8 40. Rgd1 1-0

[Event "Druzynowe Mistrzostwa Polski - II Liga 2023"]
[Site "Jastrzebia Gora"]
[Date "1899-12-30"]
[Round "3.3"]
[White "Gradowski, Jacek"]
[Black "Kejna, Piotr"]
[Result "1/2-1/2"]
[WhiteTitle "k"]
[BlackTitle "CM"]
[WhiteElo "2072"]
[BlackElo "2267"]

1. d4 Nf6 2. c4 e6 3. Nc3 Bb4 4. Qc2 d5 5. cxd5 exd5 6. Bg5 c5 7. e3 cxd4 8. exd4
Nc6 9. Bb5 O-O 10. Bxc6 bxc6 11. Nge2 Ba6 12. O-O Bxc3 13. bxc3 Re8 14. Rfe1 Qe7
15. Be3 Ne4 16. Ng3 Nxg3 17. hxg3 Bc4 18. Qa4 Qd7 19. Rab1 h5 20. Bd2 Re6 21.
Rxe6 Qxe6 22. Re1 Qg6 23. Bf4 a6 24. a3 a5 25. Qd1 Bd3 26. Qb3 Qg4 27. Qb7 Qc8
28. Qe7 Qf8 29. Qb7 Qc8 30. Qe7 1/2-1/2

[Event "Druzynowe Mistrzostwa Polski - II Liga 2023"]
[Site "Jastrzebia Gora"]
[Date "1899-12-30"]
[Round "3.4"]
[White "Komendecki, Antoni"]
[Black "Flis, Pawel"]
[Result "1/2-1/2"]
[WhiteTitle "I++"]
[BlackTitle "CM"]
[WhiteElo "1951"]
[BlackElo "1948"]

1. e4 e5 2. Nf3 Nc6 3. Bb5 a6 4. Ba4 Nf6 5. O-O Be7 6. Re1 b5 7. Bb3 O-O 8. c3
d6 9. h3 Na5 10. Bc2 c5 11. d4 Nd7 12. Nbd2 cxd4 13. cxd4 Nc6 14. Nf1 Bf6 15.
Be3 Nb6 16. dxe5 Nxe5 17. Nxe5 Bxe5 18. Bd4 Be6 19. Ne3 Nc4 20. Nxc4 Bxc4 21.
Qd2 Qf6 22. Red1 Rac8 23. Bb3 h6 24. Bxe5 dxe5 25. Qd6 Qf4 26. Qxa6 Bxb3 27. axb3
Rc2 28. Rf1 Rd8 29. Qxb5 Rdd2 30. Qb6 Rxb2 31. Rae1 Rd3 32. b4 Rdb3 33. Qc6 Rxb4
34. Qc8+ Kh7 35. Qf5+ Qxf5 36. exf5 f6 37. g3 R4b3 38. Kg2 h5 39. h4 Rd3 40. Rd1
Rdd2 41. Rxd2 Rxd2 42. Kf3 1/2-1/2

[Event "Druzynowe Mistrzostwa Polski - II Liga 2023"]
[Site "Jastrzebia Gora"]
[Date "1899-12-30"]
[Round "3.5"]
[White "Redlich, Bogdan"]
[Black "Madera, Mateusz"]
[Result "1-0"]
[WhiteTitle "k"]
[BlackTitle "I+"]
[WhiteElo "1788"]
[BlackElo "1880"]

1. d4 d5 2. Nf3 Nf6 3. Bf4 e6 4. e3 Bd6 5. c3 O-O 6. Bd3 c5 7. dxc5 Bxf4 8. exf4
Qc7 9. g3 Qxc5 10. O-O Nc6 11. Nbd2 Rd8 12. Qe2 Bd7 13. Ne5 Ne7 14. Ndf3 Be8 15.
Rfe1 Rac8 16. Nd4 a6 17. Rad1 Ng6 18. h4 Nxe5 19. fxe5 Nd7 20. Kh2 Nf8 21. f4
Bd7 22. h5 h6 23. g4 Qe7 24. Qf2 f5 25. gxf5 exf5 26. Bxf5 Qf7 27. Bg6 Nxg6 28.
hxg6 Qxg6 29. e6 Qh5+ 30. Kg2 Qg4+ 31. Qg3 Qxg3+ 32. Kxg3 Bc6 33. f5 Rc7 34. Kf4
Re8 35. Rg1 Kh7 36. Ke5 Rd8 37. Rdf1 Rf8 38. f6 gxf6+ 39. Rxf6 Rg8 40. Rf7+ Rxf7
41. exf7 Rf8 42. Kf6 Be8 43. Rg7+ Kh8 44. Ne6 Rxf7+ 45. Rxf7 Bxf7 46. Kxf7 Kh7
47. Nf4 a5 48. Nxd5 h5 49. Nf4 h4 50. b4 axb4 51. cxb4 Kh6 52. Kf6 b5 53. Kf5
1-0

[Event "Druzynowe Mistrzostwa Polski - II Liga 2023"]
[Site "Jastrzebia Gora"]
[Date "1899-12-30"]
[Round "3.6"]
[White "Budkiewicz, Magdalena"]
[Black "Posuniak, Weronika"]
[Result "1/2-1/2"]
[WhiteTitle "k+"]
[BlackTitle "k+"]
[WhiteElo "1762"]
[BlackElo "1907"]

1. e4 c5 2. Nf3 d6 3. d4 cxd4 4. Nxd4 Nf6 5. Nc3 a6 6. Be2 e6 7. O-O Be7 8. Be3
Qc7 9. f4 Nbd7 10. Bf3 O-O 11. Qe1 Rb8 12. Rd1 Ne8 13. Kh1 b5 14. a3 Bb7 15. Qg3
Kh8 16. Rfe1 Nb6 17. Bc1 Nc4 18. Bg4 Bc8 19. f5 Bf6 20. fxe6 Bxd4 21. e7 Qxe7
22. Rxd4 Bxg4 23. Qxg4 Qf6 24. Rdd1 Qe6 25. Qh4 Ne5 26. Nd5 Rb7 27. Re3 Qg4 28.
Qxg4 Nxg4 29. Rf3 Ngf6 30. Nxf6 Nxf6 31. Rxd6 Re7 32. Rxa6 Rxe4 33. Rf1 Re2 34.
Rc6 Rfe8 35. h3 Re1 36. Kg1 h5 37. Bd2 R1e2 38. Bc3 Rxc2 39. Rfxf6 Rxc3 40. bxc3
gxf6 41. Rxf6 Kg7 42. Rf5 Rc8 43. Rxb5 Rxc3 44. a4 Kg6 45. a5 Ra3 46. h4 Ra4 47.
g3 f6 48. Kf2 Ra3 49. Kg2 Ra2+ 50. Kh3 Ra4 51. Rc5 Ra2 52. Rb5 1/2-1/2

[Event "Druzynowe Mistrzostwa Polski - II Liga 2023"]
[Site "Jastrzebia Gora"]
[Date "1899-12-30"]
[Round "3.7"]
[White "Rajlich, Vasik"]
[Black "Koziorowicz, Michal"]
[Result "1/2-1/2"]
[WhiteTitle "IM"]
[BlackTitle "FM"]
[WhiteElo "2303"]
[BlackElo "2321"]

1. e4 c5 2. Nf3 d6 3. d4 cxd4 4. Nxd4 Nf6 5. Nc3 g6 6. Be3 Bg7 7. f3 O-O 8. Qd2
Nc6 9. O-O-O d5 10. exd5 Nxd5 11. Nxc6 bxc6 12. Bd4 Bxd4 13. Qxd4 Qb6 14. Na4
Qa5 15. b3 Qc7 16. Bc4 Rd8 17. g4 Be6 18. Nc5 Nf4 19. Nxe6 Nxe6 20. Qe4 Qf4+ 21.
Qxf4 Nxf4 22. Rhe1 e6 23. Ba6 Rd5 24. Bc4 Rdd8 25. c3 Kf8 26. Kc2 Ke7 27. b4 f6
28. a4 Rxd1 29. Rxd1 Rd8 30. Rxd8 Kxd8 31. Kb3 Kc7 32. Bf1 e5 33. a5 Kd6 34. c4
Ne6 35. c5+ Kd7 36. Kc3 Nf4 37. Bc4 f5 38. gxf5 gxf5 39. Kd2 Ke7 40. Ke3 Kf6 41.
Ba2 Ng2+ 42. Kf2 Nf4 43. Ke3 1/2-1/2

[Event "Druzynowe Mistrzostwa Polski - II Liga 2023"]
[Site "Jastrzebia Gora"]
[Date "1899-12-30"]
[Round "3.8"]
[White "Marczuk, Dominik"]
[Black "Jarzebowski, Kacper"]
[Result "1-0"]
[WhiteTitle "FM"]
[BlackTitle "k+"]
[WhiteElo "2253"]
[BlackElo "2145"]

1. d4 Nf6 2. c4 e5 3. dxe5 Ng4 4. e3 Nxe5 5. f4 Nec6 6. Nf3 g6 7. Bd3 Bg7 8. O-O
O-O 9. e4 Na6 10. f5 Nc5 11. Bg5 Bf6 12. Bxf6 Qxf6 13. Nc3 Ne5 14. Bc2 c6 15.
Nxe5 Qxe5 16. Qd2 d6 17. Rad1 Nd7 18. Qxd6 Qxd6 19. Rxd6 Ne5 20. b3 b6 21. Ne2
Bb7 22. Nf4 Rfd8 23. Rfd1 Rxd6 24. Rxd6 Kf8 25. h3 Ke7 26. Rd1 c5 27. Kf2 Rg8
28. fxg6 hxg6 29. Ke3 Rc8 30. Rd2 a5 31. Bd1 a4 32. Nd3 Nxd3 33. Rxd3 a3 34. Bf3
Rd8 35. Rxd8 Kxd8 36. h4 Ke7 37. g4 Bc8 38. e5 Be6 39. Kf4 b5 40. Be2 b4 41. Kg5
Bd7 42. h5 gxh5 43. gxh5 Bc6 44. Bd3 Kf8 45. Kf6 Kg8 46. h6 Bf3 47. Bc2 Be2 48.
Ke7 Bh5 49. Kd6 1-0

[Event "Druzynowe Mistrzostwa Polski - II Liga 2023"]
[Site "Jastrzebia Gora"]
[Date "1899-12-30"]
[Round "3.9"]
[White "Maciaszek, Karol"]
[Black "Chmiel, Marcin"]
[Result "0-1"]
[WhiteTitle "I"]
[BlackTitle "k+"]
[WhiteElo "1889"]
[BlackElo "2184"]

1. d4 d5 2. Nf3 Nf6 3. Bg5 Ne4 4. Bh4 c5 5. dxc5 Qa5+ 6. Nbd2 Nc6 7. c3 Qxc5 8.
e3 Bg4 9. Be2 g6 10. O-O Nxd2 11. Qxd2 Bg7 12. h3 h5 13. Rfd1 Rd8 14. Nd4 Bc8
15. Bf3 Ne5 16. e4 Bxh3 17. exd5 Bg4 18. Nb3 Qc4 19. Qe3 Bxf3 20. Rd4 Qe2 21.
gxf3 Nxf3+ 22. Kg2 Qxe3 23. fxe3 Nxd4 24. cxd4 Rxd5 25. Rc1 f6 26. Nc5 b6 27.
Ne6 Kf7 28. Nc7 Rc8 29. Rc3 Rd7 30. Bg3 e5 31. Nb5 Rxc3 32. bxc3 a6 33. Na3 b5
34. Kf3 Ke6 35. Nc2 Rc7 36. Be1 f5 37. Nb4 a5 38. Na6 Rc4 39. Ke2 Bf8 40. Kd3
Rc6 0-1

[Event "Druzynowe Mistrzostwa Polski - II Liga 2023"]
[Site "Jastrzebia Gora"]
[Date "1899-12-30"]
[Round "3.10"]
[White "Dylag, Emilia"]
[Black "Kicinski, Jacek"]
[Result "1-0"]
[WhiteTitle "WFM"]
[BlackTitle "I+"]
[WhiteElo "2169"]
[BlackElo "1929"]

1. d4 d5 2. c4 c6 3. Nf3 Nf6 4. Nc3 dxc4 5. a4 Bf5 6. e3 e6 7. Bxc4 Bb4 8. O-O
O-O 9. Nh4 Nbd7 10. h3 Ne4 11. Nxf5 exf5 12. Qb3 Qb6 13. Qc2 Ndf6 14. Bd3 Rfe8
15. Rd1 g6 16. f3 Ng5 17. Bxf5 c5 18. h4 cxd4 19. a5 Nxf3+ 20. gxf3 Qc7 21. Ne4
Qe5 22. Nxf6+ Qxf6 23. Rxd4 Bf8 24. Bh3 Qxf3 25. Bg2 Qh5 26. Bd2 Rac8 27. Qd3
Bc5 28. Rd5 Qxh4 29. b4 Bf8 30. Rf1 Re6 31. Rd7 Rf6 32. Bc3 Rxf1+ 33. Qxf1 f5
34. Bd5# 1-0

[Event "Druzynowe Mistrzostwa Polski - II Liga 2023"]
[Site "Jastrzebia Gora"]
[Date "1899-12-30"]
[Round "3.11"]
[White "Rajlich, Vaclav"]
[Black "Owoc, Jakub"]
[Result "0-1"]
[WhiteTitle "I"]
[BlackTitle "I+"]
[WhiteElo "1596"]
[BlackElo "1915"]

1. e4 e5 2. Nf3 Nc6 3. Bc4 Bc5 4. b4 Bxb4 5. c3 Ba5 6. d4 d6 7. O-O Bg4 8. Qb3
Bxf3 9. gxf3 Qd7 10. Bxf7+ Qxf7 11. Qxb7 Rb8 12. Qxc6+ Kf8 13. dxe5 Qxf3 14. Nd2
Qxc3 15. Nc4 Ne7 16. Qa6 Qxa1 17. exd6 cxd6 18. Qxd6 Rd8 19. Qa3 Qc3 20. Qxa5
Qxa5 21. Nxa5 Rd4 22. Nb3 Rxe4 23. Rd1 Ke8 24. Nc5 Rg4+ 25. Kf1 Rf8 26. Bb2 Rf5
27. Ne6 Kf7 28. Nd8+ Kf8 29. Ne6+ Kf7 30. Nd8+ Kg8 31. Ne6 Rd5 32. Rc1 Kf7 33.
Re1 g6 34. Ba3 Nc6 35. Nc7 Ra5 36. Re3 Rga4 37. Rf3+ Rf5 38. Rd3 Ne5 39. Rh3 h5
40. Rb3 Rf3 41. Bb2 Rxb3 42. axb3 Re4 43. f3 Nxf3 0-1

[Event "Druzynowe Mistrzostwa Polski - II Liga 2023"]
[Site "Jastrzebia Gora"]
[Date "1899-12-30"]
[Round "3.12"]
[White "Jedrocha, Katarzyna"]
[Black "Kicinska, Magdalena"]
[Result "1-0"]
[WhiteTitle "k"]
[BlackTitle "I++"]
[WhiteElo "1976"]
[BlackElo "1499"]

1. e4 c6 2. d4 d5 3. e5 Bf5 4. h4 h5 5. Bg5 Qb6 6. Bd3 Bxd3 7. Qxd3 Qxb2 8. e6
Qxa1 9. Qb3 Qxd4 10. Qxb7 fxe6 11. Qxa8 Qb6 12. Nd2 Kf7 13. Ngf3 Nf6 14. Ne5+
Kg8 15. O-O Qc7 16. Bf4 Ng4 17. Ndf3 Qb6 18. Ng6 Nd7 19. Ng5 Rh6 20. Qe8 Rxg6
21. Qxg6 Ngf6 22. Qf7+ Kh8 23. Nxe6 Nh7 24. Qxh5 Ndf6 25. Qf7 Nd7 26. Be3 Qb8
27. Bd4 Nhf6 28. Nxf8 Nxf8 29. Bxf6 exf6 30. Re1 1-0